Statistics for UK Birds Quiz-RSPB handbook edition

Click here to take the quiz!

General Stats

  • This quiz has been taken 160 times
  • The average score is 161 of 299

Answer Stats

HintAnswer% Correct
Mallard
98%
Anatidae- Ducks, Geese & SwansMute Swan
94%
Grey Heron
88%
Barnacle Goose
85%
Canada Goose
85%
Pheasant
85%
Sulidae- GannetsGannet
83%
Great Crested Grebe
83%
Podicipedidae- GrebesLittle Grebe
83%
Pandionidae- OspreyOsprey
83%
Tytonidae- Barn OwlsBarn Owl
81%
Haematopodidae- OystercatchersOystercatcher
81%
Threskiornithidae- Ibis & SpoonbillsSpoonbill
81%
Tufted Duck
81%
Recurvirostridae- Avocets & StiltsAvocet
79%
Phalacrocoracidae- CormorantsCormorant
79%
Gruidae- CranesCrane
79%
Cuculidae- CuckoosCuckoo
79%
Golden Eagle
79%
Alcedinidae- KingfishersKingfisher
79%
Pochard
79%
Hydrobatidae- Storm PetrelsStorm Petrel
79%
Apodidae- SwiftsSwift
79%
Whooper Swan
79%
Black Grouse
77%
Blue Tit
77%
Buzzard
77%
Green Woodpecker
77%
Upupidae- HoopoesHoopoe
77%
House Martin
77%
Falconidae- FalconsKestrel
77%
Caprimulgidae- NightjarsNightjar
77%
Red Kite
77%
Swallow
77%
Teal
77%
Woodpigeon
77%
Meropidae- Bee-eatersBee-eater
75%
Blackbird
75%
Black-headed Gull
75%
Coal Tit
75%
Curlew
75%
Egyptian Goose
75%
Great Tit
75%
Greylag Goose
75%
Herring Gull
75%
Passeridae- SparrowsHouse Sparrow
75%
Ardeidae- HeronsLittle Egret
75%
Merlin
75%
Puffin
75%
Sparrowhawk
75%
Burhinidae- Stone CurlewsStone Curlew
75%
Strigidae- True OwlsTawny Owl
75%
Collared Dove
73%
Coot
73%
Greenfinch
73%
Lapwing
73%
Peregrine
73%
Raven
73%
Columbidae- Pigeons & DovesRock Dove
73%
Sturnidae- StarlingsStarling
73%
Certhiidae- CreepersTreecreeper
73%
Turtle Dove
73%
Bewick's Swan
71%
Common Gull
71%
Cinclidae- DippersDipper
71%
Hen Harrier
71%
Hobby
71%
Jackdaw
71%
Long-eared Owl
71%
Moorhen
71%
Pied Wagtail
71%
Pink-footed Goose
71%
Reed Warbler
71%
Shag
71%
Short-eared Owl
71%
Skylark
71%
Bombycillidae- WaxwingsWaxwing
71%
White-tailed Eagle
71%
Wigeon
71%
Troglodytidae- WrensWren
71%
Panuridae- Bearded TitBearded Tit
69%
Fringillidae- FinchesChaffinch
69%
Golden Plover
69%
Goldfinch
69%
Lesser Spotted Woodpecker
69%
Little Owl
69%
Marsh Harrier
69%
Sittidae- NuthatchesNuthatch
69%
Phasianidae- GamebirdsQuail
69%
Hirundinidae- Swallows & MartinsSand Martin
69%
Arctic Tern
67%
Bullfinch
67%
Carrion Crow
67%
Cettiidae- Cetti's WarblersCetti's Warbler
67%
Goshawk
67%
Grey Wagtail
67%
Corvidae- CrowsJay
67%
Mistle Thrush
67%
Red Grouse
67%
Rook
67%
Song Thrush
67%
Tree Sparrow
67%
Yellow Wagtail
67%
Common Tern
65%
Prunellidae- AccentorsDunnock
65%
Eider
65%
Goldeneye
65%
Great Black-backed Gull
65%
Great Spotted Woodpecker
65%
Alcidae- AuksGuillemot
65%
Aegithalidae- BushtitsLong-tailed Tit
65%
Mandarin
65%
Pintail
65%
Ciconiidae- StorksWhite Stork
65%
Fieldfare
63%
Gadwall
63%
Grey Partridge
63%
Lesser Black-backed Gull
63%
Magpie
63%
Razorbill
63%
Psittaculidae- ParakeetsRing-necked Parakeet
63%
Stock Dove
63%
Rallidae- RailsWater Rail
63%
White-fronted Goose
63%
Goosander
60%
Hooded Crow
60%
Little Auk
60%
Ptarmigan
60%
Red-necked Grebe
60%
Red-throated Diver
60%
Ringed Plover
60%
Capercaillie
58%
Little Gull
58%
Long-tailed Duck
58%
Paridae- TitsMarsh Tit
58%
Red-legged Partridge
58%
Reed Bunting
58%
Emberizidae- BuntingsYellowhammer
58%
Bittern
56%
Black Kite
56%
Brent Goose
56%
Common Sandpiper
56%
Dunlin
56%
Glossy Ibis
56%
Oriolidae- OriolesGolden Oriole
56%
Great Northern Diver
56%
Hawfinch
56%
Little Ringed Plover
56%
Meadow Pipit
56%
Redwing
56%
Shelduck
56%
Shoveler
56%
Black-necked Grebe
54%
Gaviidae- DiversBlack-throated Diver
54%
Cattle Egret
54%
Common Redpoll
54%
Accipitridae- Hawks & EaglesHoney Buzzard
54%
Laridae- Gulls & TernsMediterranean Gull
54%
Purple Heron
54%
Muscicapidae- Chats & FlycatchersRobin
54%
Ruddy Duck
54%
Slavonian Grebe
54%
Black Guillemot
52%
Chiffchaff
52%
Chough
52%
Garganey
52%
Great Egret
52%
Great Skua
52%
Grey Plover
52%
Iceland Gull
52%
Manx Shearwater
52%
Spotted Flycatcher
52%
Stonechat
52%
Willow Tit
52%
Stercorariidae- SkuasArctic Skua
50%
Black-tailed Godwit
50%
Glaucous Gull
50%
Little Tern
50%
Montagu's Harrier
50%
Pied Flycatcher
50%
Laniidae- ShrikesRed-backed Shrike
50%
Redshank
50%
Rock Pipit
50%
Bar-tailed Godwit
48%
Common Scoter
48%
Crested Tit
48%
Green Sandpiper
48%
Greenshank
48%
Kittiwake
48%
Night Heron
48%
Purple Sandpiper
48%
Motacillidae- Wagtails & PipitsTree Pipit
48%
Whimbrel
48%
Willow Warbler
48%
Woodcock
48%
Alaudidae- LarksWoodlark
48%
Fulmar
46%
Golden Pheasant
46%
Locustellidae- Grass WarblersGrasshopper Warbler
46%
Knot
46%
Linnet
46%
Red-breasted Merganser
46%
Scaup
46%
Siskin
46%
Smew
46%
Snipe
46%
Whinchat
46%
Blackcap
44%
Black-winged Stilt
44%
Great Grey Shrike
44%
Redstart
44%
Turdidae- ThrushesRing Ouzel
44%
Sanderling
44%
Sandwich Tern
44%
Acrocephalidae- Reed WarblersSedge Warbler
44%
Snow Bunting
44%
Picidae- WoodpeckersWryneck
44%
Black Tern
42%
Crossbill
42%
Charadriidae- PloversDotterel
42%
Firecrest
42%
Regulidae- KingletsGoldcrest
42%
Jack Snipe
42%
Turnstone
42%
Black Redstart
40%
Sylviidae- Typical WarblersDartford Warbler
40%
Little Stint
40%
Roseate Tern
40%
Scolopacidae- Sandpipers etc.Ruff
40%
Serin
40%
Shore Lark
40%
Twite
40%
Velvet Scoter
40%
Alpine Swift
38%
Corncrake
38%
Little Bittern
38%
Nightingale
38%
Rough-legged Buzzard
38%
Wheatear
38%
Whitethroat
38%
Garden Warbler
35%
Leach's Petrel
35%
Rose-coloured Starling
35%
Yellow-legged Gull
35%
Cirl Bunting
33%
Corn Bunting
33%
Curlew Sandpiper
33%
Lesser Redpoll
33%
Wood Sandpiper
33%
Brambling
31%
Pomarine Skua
31%
Red-rumped Swallow
31%
Procellariidae- PetrelsSooty Shearwater
31%
Spotted Redshank
31%
Water Pipit
31%
Wood Warbler
31%
Calcariidae- LongspursLapland Bunting
29%
Lesser Whitethroat
29%
Spotted Crake
29%
Bluethroat
27%
Grey Phalarope
27%
Kentish Plover
27%
Long-tailed Skua
27%
Ortolan Bunting
27%
Pectoral Sandpiper
27%
Red-footed Falcon
27%
Temminck's Stint
27%
Balearic Shearwater
25%
Green-winged Teal
25%
Marsh Warbler
25%
Scottish Crossbill
25%
Snow Goose
25%
Great Shearwater
23%
Red-necked Phalarope
23%
Tundra bean Goose
23%
Parrot Crossbill
21%
Taiga bean Goose
21%
Yellow-browed Warbler
21%
Icterine Warbler
19%
Arctic Redpoll
17%
Caspian Gull
17%
Common Rosefinch
17%
Cory's Shearwater
17%
Sabine's Gull
17%
White-winged Tern
17%
Aquatic Warbler
15%
Little Bunting
15%
Richard's Pipit
15%
Ring-billed Gull
15%
Ring-necked Duck
15%
White-rumped Sandpiper
15%
Woodchat Shrike
15%
Barred Warbler
13%
Melodious Warbler
13%
Red-breasted Flycatcher
13%
Red-throated Pipit
13%
Buff-breasted Sandpiper
10%
Phylloscopidae- Leaf WarblersPallas's Warbler
8%
Western Subalpine Warbler
6%

Score Distribution

Percentile by Number Answered

Percent of People with Each Score

Your Score History

You have not taken this quiz